000 00819nam a2200205 i 4500
001 159386
003 ES-MaACL
005 20230906211557.0
008 991220s1880 fr |||| | fre d
040 _aCCPB | B
_bspa
_cCCPB | B
100 1 _aMénant, Joachim (
_d1820-1899)
_9129820
245 1 3 _aLa bibliothèque du palais de Ninive /
_cpar Joachim Menant.
260 _aParis :
_bErnest Leroux,
_c1880 (
_fImprimerie de E. Cagniard)
300 _aVIII, 162 p. ;
_c17 cm.
490 1 _aDècouvertes assyriennes
610 2 4 _aBiblioteca del Palacio de Nínive.
_9134185
830 0 _aDècouvertes assyriennes
_9221926
852 _aES-MaACL
_jF-894
_z-- Enc. pasta española
_x-- Edic.: El lugar de imp. es Rouen -- En antep. consta la serie: (Bibliothéque Orientale Elzévirienne; 28)
999 _c159386
_d159386